INTRODUCTION TO MAGNETIC RESONANCE SPECTROSCOPY ESR,NMR,NQR (Record no. 9453)
[ view plain ]
| 000 -LEADER | |
|---|---|
| fixed length control field | 01287nam a22001697a 4500 |
| 003 - CONTROL NUMBER IDENTIFIER | |
| control field | SGT |
| 020 ## - INTERNATIONAL STANDARD BOOK NUMBER | |
| International Standard Book Number | 9789382332527 |
| 082 ## - DEWEY DECIMAL CLASSIFICATION NUMBER | |
| Classification number | 543.67,SAT |
| 100 ## - MAIN ENTRY--PERSONAL NAME | |
| Personal name | SATYANARAYANA,D.N |
| 245 ## - TITLE STATEMENT | |
| Title | INTRODUCTION TO MAGNETIC RESONANCE SPECTROSCOPY ESR,NMR,NQR |
| 250 ## - EDITION STATEMENT | |
| Edition statement | 2ND |
| 260 ## - PUBLICATION, DISTRIBUTION, ETC. (IMPRINT) | |
| Place of publication, distribution, etc | NEW DELHI |
| Name of publisher, distributor, etc | I.K. INTERNATIONAL PUBLISHING HOUSE PVT. LTD. |
| Year of Publication | 2015 |
| 300 ## - PAGE DESCRIPTION | |
| No. of Pages | 446 |
| 650 ## - SUBJECT ADDED ENTRY--TOPICAL TERM | |
| Topical term or geographic name as entry element | ANALYTICAL CHEMISTRY |
| 653 ## - KEYWORDS--INDEX TERM | |
| Keyword term | • 1. GENERAL INTRODUCTION • PART-1: ELECTRON SPIN RESONANCE • 2. BASIC THEORY • 3. HYPERFINE STRUCTURE • 4. EXPERIMENTAL ASPECTS: ESR • 5. SPECTRAL CHARACTERISTICS: LINE WIDTH AND ANISOTROPY • 6. DYNAMIC PROCESSES • 7. THE TRIPLET STATE • 8. TRANSITION METAL COMPLEXES • 9. DOUBLE RESONANCE TECHNIQUES • PART-2: NUCLEAR MAGNETIC RESONANCE • 10. GENERAL PRINCIPLES • 11. CHEMICAL SHIFT • 12. SPINE-SPIN COUPLING • 13. EXPERIMENTAL ASPECTS: NMR • 14. DYNAMIC NMR SPECTROSCOPY • 15. SPECTRA OF OTHER NUCLEI: 13C, 19F AND 31P • 16. RELAXATION PROCESSES • 17. MULTIPLE RESONANCE TECHNIQUES • 18. SELECTED TOPICS • 19. TWO-DIMENSIONAL NMR SPECTROSCOPY • PART-3: NUCLEAR QUADRUPOLE RESONANCE • 20. NUCLEAR QUADRUPOLE RESONANCE SPECTROSCOPY • APPENDIX GENERAL DATA AND FUNDAMENTAL CONSTANTS |
| 942 ## - ADDED ENTRY ELEMENTS (KOHA) | |
| Source of classification or shelving scheme | Dewey Decimal Classification |
| Koha item type | FPS Books |
| Withdrawn status | Lost status | Source of classification or shelving scheme | Damaged status | Not for loan | Collection code | Home library | Current library | Shelving location | Date acquired | Vendor Name | Cost, normal purchase price | SGTU | Bill Number | Full call number | Accession No. (Barcode) | Date last seen | Bill Date | Koha item type |
|---|---|---|---|---|---|---|---|---|---|---|---|---|---|---|---|---|---|---|
| Dewey Decimal Classification | Not For Loan | SCIENCE | SGT Science & Social Sciences Library | SGT Science & Social Sciences Library | Reference Book | 04/07/2016 | AHUJA BOOKS | 995.00 | SGTU | 6680 | 543.67,SAT | PS1487 | 04/07/2016 | 03/03/2016 | FPS Books |